The Subaltern in Simin Daneshvar's Savushun and Sutra and other stories /
Saved in:
| Main Author: | |
|---|---|
| Format: | Thesis Book |
| Language: | English |
| Published: |
2015.
|
| Subjects: | |
| Tags: |
Add Tag
No Tags, Be the first to tag this record!
|
| LEADER | 01276cam a2200337 i 4500 | ||
|---|---|---|---|
| 001 | u1014094 | ||
| 003 | SIRSI | ||
| 005 | 201504291241 | ||
| 008 | 150429s2015 my a m 000 0 eng | ||
| 040 | |a UMM |e rda | ||
| 043 | |a a-ir--- | ||
| 090 | |a PR13 |b UM 2015 Kho | ||
| 100 | 1 | |a Khoshnevissansari, Roya, |e author. | |
| 245 | 1 | 4 | |a The Subaltern in Simin Daneshvar's Savushun and Sutra and other stories / |c Roya Khoshnevissansari. |
| 264 | 1 | |c 2015. | |
| 264 | 4 | |c 2015. | |
| 300 | |a iii, 74 leaves : |b illustrations ; |c 30 cm. | ||
| 336 | |a text |2 rdacontent | ||
| 337 | |a unmediated |2 rdamedia | ||
| 338 | |a volume |2 rdacarrier | ||
| 502 | |b (M.A.(Engl.Lit.)) |b Fakulti Sastera dan Sains Sosial, Universiti Malaya |d 2015. | ||
| 504 | |a Bibliography: leaves 71-74. | ||
| 530 | |a Issued also in CD. | ||
| 600 | 1 | 0 | |a Dānishvar, Sīmīn, |d 1921-2012 |x Criticism and interpretation. |
| 650 | 0 | |a English fiction |x History and criticism. | |
| 650 | 0 | |a Short stories |x History and criticism. | |
| 651 | 0 | |a Iran |x Social conditions. | |
| 710 | 2 | |a Universiti Malaya. |b Jabatan Inggeris, |e degree granting institution. | |
| 900 | |a AIZ NSM | ||
| 596 | |a 1 | ||
| 999 | |a PR13 UM 2015 KHO |w LC |c 1 |i A516234660 |d 31/10/2022 |e 31/10/2022 |f 6/10/2016 |g 1 |l STACKS |m P01UTAMA |n 4 |r Y |s Y |t TESIS |u 6/10/2016 |1 AHSS | ||
